000 00998cam a2200229 4500
001 ABS66260
008 021213n2002 000 0 eng u
035 _a(Sirsi) u120766
100 _aBeider, H
245 2 _aA voice for everyone
260 _c2002
490 _aInside Housing
_v 15 November 2002, 16-17(2)
520 _aArgues that decision-making on housing investment should be shared by the diverse communities affected. Examines new project research into barriers which inhibit involvement in the process. Project will generate evidence on the impact of the different investment options on opportunities for black and ethnic minority involvement. It will also review the effectiveness of different methods and approaches involving BME communities in these options.
590 _aABS
650 _aDECISION-MAKING
650 _aSTOCK TRANSFER
650 _aETHNIC MINORITIES
690 _aAffordable housing
_96215
700 _aMullins, D
700 _aGayle, S
942 _n0
999 _c71758
_d71758